SECRETS OF SANITY FOR STRESSED WOMAN (Record no. 216380)

MARC details
000 -LEADER
fixed length control field 00368nam a22001337a 4500
008 - FIXED-LENGTH DATA ELEMENTS--GENERAL INFORMATION
fixed length control field 251223b |||||||| |||| 00| 0 eng d
020 ## - INTERNATIONAL STANDARD BOOK NUMBER
International Standard Book Number 978-1-906381-03-5
050 ## - LIBRARY OF CONGRESS CALL NUMBER
Classification number RA 785 .P45 2008
100 ## - MAIN ENTRY--PERSONAL NAME
Personal name PELT NANCY VAN
245 ## - TITLE STATEMENT
Title SECRETS OF SANITY FOR STRESSED WOMAN
260 ## - PUBLICATION, DISTRIBUTION, ETC.
Place of publication, distribution, etc. THAILAND
Name of publisher, distributor, etc. AUTUMN HOUSE LIMITED
Date of publication, distribution, etc. 2008
942 ## - ADDED ENTRY ELEMENTS (KOHA)
Source of classification or shelving scheme Library of Congress Classification
Koha item type Long Loan Book

No items available.